000 02247nam a2200361 a 4500
001
003 DO-SdBNP
005 20220114115512.0
007 000001943
008 090630s2007 dr ac 000 0 spa d
020 _z9789945406535
040 _aBPMSU
_bspa
_cBPMSU
082 4 _a327.7307293
_bN964a, 2007
_222
092 _a
100 1 _aNúñez Polanco, Diómedes,
_d1952-
245 1 0 _aAnexionismo y resistencia :
_brelaciones domínico-norteamericanas en tiempos de Grant, Báez y Luperón /
_cDiómedes Núñez Polanco ; edición Tomás Castro Burdiez.
250 _a3a ed.
260 _aSanto Domingo :
_bAlfa & Omega,
_c2007.
300 _a303 p. :
_bil., retrs. ;
_c23 cm.
500 _aIncluye datos biográficos del autor el la contracubierta
504 _aIncluye referencias bibliográficas y notas
505 1 _tIntroducción --
_tAntecedentes del proyecto de anexión --
_tContexto internacional --
_tProyecto de anexión --
_tGrant y la posición de la clase dirigente norteamericana a la Anexión --
_tLa primera gran intervención militar norteamericana --
_tIdeología y política exterior de otros países --
_tSummer: vocero de sectores políticos y económicos estadounidenses --
_tSituación socio-económica: entre el préstamo Hartmont y la Anexión --
_t Concesiones y donaciones a Fabens, Cazneau y otros aventureros ---
_tContradicciones e intereses en la burocracia norteamericana --
_tPlebiscito fraudulento y el caso del general Hungría --
_tLa resistencia --
_tDel pacto de San Marcos al gobierno provisional --
_tEl telégrafo ante los tribunales --
_tLa guerra patria de los seis años --
_tLa comisión investigadora de 1871 --
_tFracaso del proyecto anexionista --
_t Conclusiones --
_t Bibliografía
590 _6Inventariado, 2022/VM
651 4 _aRepública Dominicana
_xPolítica y gobierno
_ySiglo XIX
651 4 _aRepública Dominicana
_xAnexión a los Estados Unidos.
651 4 _a República Dominicana
_xRelaciones exteriores
_zEstados Unidos.
651 4 _aRepública Dominicana
_xHistoria
_y1865-1916
700 1 _aCastro Burdiez, Tomás,
_eed.
910 _a VMateo V.
942 _2ddc
_cBK
945 _a Inventariado / 2017 VM
956 _aVMATEO
_b10
_c20150722
_lBPMSU
_h00151
999 _c7992
_d7992